| 000 | 00000nam##2200000za#4500 |
| 001 | 9.566526 |
| 003 | CaOODSP |
| 005 | 20210624180330 |
| 007 | cr ||||||||||| |
| 008 | 150406|1999||||xxc|||||o f|0| 0 eng|d |
| 040 | |aCaOODSP|beng |
| 043 | |an-cn--- |
| 086 | 1 |aTU3-5/99-24E-PDF |
| 110 | 2 |aTransportation Safety Board of Canada. |
| 245 | 10|aLoss of control / Impact with the ground - Cosmos U.L.M. Inc., Cosmos Phase II ES C-IFEK, Saint-Mathias-de-Richelieu, Quebec, 11 July 1999 |h[electronic resource] |
| 260 | |aGatineau - Quebec : |bTransportation Safety Board of Canada |c[2001]. |
| 300 | |a5p. |
| 490 | 1 |aAviation investigation report |vA99Q0134 |
| 590 | |a10-10-Supp|b2010-11-09 |
| 775 | 08|tPerte de contrôle et collision avec le sol - Cosmos U.L.M. inc., Cosmos Phase II ES C-IFEK, Saint-Mathias-de-Richelieu (Québec), le 11 juillet 1999 |w(CaOODSP)9.597997 |
| 830 | #0|aAviation investigation report ;|vA99Q0134|w(CaOODSP)9.504825 |
| 856 | 40|ahttp://publications.gc.ca|qPDF|s73 KB|uhttps://publications.gc.ca/collections/collection_2009/bst-tsb/TU3-5-99-24E.pdf|yA99Q0134 |